[Event "54. Miedzynarodowy Festiwal Szachowy im. Akiby Rubinsteina<br/>OPEN A "]
[Site "Polanica-Zdroj"]
[Date "1899-12-30"]
[Round "6.5"]
[White "Stachowiak, Kamil"]
[Black "Klepek, Witold"]
[Result "1/2-1/2"]
[WhiteTitle "IM"]
[BlackTitle "k+"]
[WhiteElo "2447"]
[BlackElo "2139"]

1. c4 Nf6 2. Nc3 e6 3. d4 d5 4. Bg5 Bb4 5. Qa4+ Nc6 6. Nf3 h6 7. Bxf6 Qxf6 8. e3
O-O 9. Rc1 Qg6 10. Qb3 Rd8 11. a3 dxc4 12. Qxc4 Bd6 13. g3 e5 14. d5 Na5 15. Qb5
b6 16. Bg2 Bd7 17. Qe2 c5 18. dxc6 Nxc6 19. O-O Rac8 20. Rfd1 Bb8 21. Qa6 Be6
22. Nh4 Qf6 23. Nd5 Bxd5 24. Rxd5 Ne7 25. Rxd8+ Rxd8 26. Be4 Qe6 27. Qb5 g6 28.
Nf3 Qd7 29. Qb3 Kg7 30. Rc2 f5 31. Rd2 Qc8 32. Rxd8 Qxd8 33. Bb1 Qd5 34. Qxd5
Nxd5 35. e4 Ne7 36. Kf1 Kf6 37. Ke2 Bd6 38. Nd2 Bc5 39. b4 Bd4 40. Nc4 Ke6 41.
b5 Nc8 42. h4 f4 43. Ba2 Kd7 44. g4 1/2-1/2

[Event "54. Miedzynarodowy Festiwal Szachowy im. Akiby Rubinsteina<br/>OPEN A "]
[Site "Polanica-Zdroj"]
[Date "1899-12-30"]
[Round "6.6"]
[White "Nowak, Kamil"]
[Black "Kozak, Antoni"]
[Result "1/2-1/2"]
[WhiteTitle "m"]
[BlackTitle "k"]
[WhiteElo "2313"]
[BlackElo "2157"]

1. e4 c5 2. Nf3 e6 3. d4 cxd4 4. Nxd4 Nc6 5. Nb5 d6 6. c4 a6 7. N5c3 Nf6 8. Be2
Be7 9. O-O O-O 10. Be3 b6 11. Na3 Bb7 12. Qb3 Ne5 13. Bxb6 Qd7 14. f4 Ng6 15.
Bd3 Rab8 16. Ba7 Bxe4 17. Bxb8 Bxd3 18. Rf3 Bf5 19. h3 Ne4 20. Rd1 Nh4 21. Rff1
Nxc3 22. bxc3 Qc8 23. g3 Bxh3 24. Rf2 Nf5 25. Ba7 Bg4 26. Rd3 Qa8 27. Bd4 Rb8
28. Qc2 Nxd4 29. cxd4 Bf5 30. Qd2 Bxd3 31. Qxd3 g6 32. Nb1 d5 33. c5 Qb7 34. Nd2
Kf8 35. Rf1 Qb5 36. Qe3 Bf6 37. Rb1 Qe8 38. Rb3 Rxb3 39. axb3 Qb5 40. Nf3 Ke7
41. Kg2 h5 42. Ne5 Bxe5 1/2-1/2

[Event "54. Miedzynarodowy Festiwal Szachowy im. Akiby Rubinsteina<br/>OPEN A "]
[Site "Polanica-Zdroj"]
[Date "1899-12-30"]
[Round "6.7"]
[White "Wisniewski, Michal"]
[Black "Cherepov, Alexej"]
[Result "0-1"]
[WhiteTitle "k+"]
[BlackTitle "k"]
[WhiteElo "2122"]
[BlackElo "2245"]

1. c4 Nf6 2. Nf3 c5 3. Nc3 e6 4. e4 Nc6 5. h3 Qc7 6. Be2 Be7 7. O-O a6 8. a3 O-O
9. d4 cxd4 10. Nxd4 Ne5 11. Qb3 d6 12. Be3 Ned7 13. f4 b6 14. f5 e5 15. Nf3 Bb7
16. Nd2 h6 17. Rfc1 Nc5 18. Qc2 Rac8 19. b4 Ncd7 20. Qd3 Qb8 21. Rab1 Rc7 22.
g4 Rfc8 23. g5 hxg5 24. Bxg5 b5 25. cxb5 axb5 26. Be3 Qa8 27. Na2 Nxe4 28. Rxc7
Rxc7 29. Rc1 Rxc1+ 30. Nxc1 Nxd2 31. Bxd2 Be4 32. Qxb5 Qa7+ 33. Kf1 Bxf5 34. Bg4
Bh4 35. Be1 Bxe1 36. Kxe1 Bxg4 37. hxg4 Nf6 38. a4 Qg1+ 39. Kd2 Ne4+ 40. Kd3 Qd4+
41. Kc2 0-1

[Event "54. Miedzynarodowy Festiwal Szachowy im. Akiby Rubinsteina<br/>OPEN A "]
[Site "Polanica-Zdroj"]
[Date "1899-12-30"]
[Round "6.8"]
[White "Kumala, Aleksander"]
[Black "Luberanski, Jakub"]
[Result "0-1"]
[WhiteTitle "k"]
[BlackTitle "I"]
[WhiteElo "2238"]
[BlackElo "1763"]

1. d4 Nf6 2. Bg5 Ne4 3. h4 d5 4. Nd2 Bf5 5. Nxe4 Bxe4 6. f3 Bg6 7. h5 Bf5 8. g4
Bc8 9. Qd2 c6 10. e3 Qb6 11. O-O-O Bd7 12. c4 Na6 13. Kb1 f6 14. Bf4 dxc4 15.
Bxc4 O-O-O 16. d5 cxd5 17. Bxd5 e5 18. Bg3 Bc5 19. h6 g6 20. Qc3 Nc7 21. e4 Ba4
22. Rc1 Be3 23. Ne2 Kb8 24. f4 Nxd5 25. exd5 Rc8 26. Qa3 Bxc1 27. Rxc1 Rxc1+ 28.
Nxc1 Qg1 29. fxe5 Bc2+ 30. Kxc2 Rc8+ 31. Kd2 Qxc1+ 32. Kd3 Qc4+ 33. Ke3 Qc1+ 34.
Kd3 Qf1+ 35. Ke3 Qg1+ 36. Kf3 Qh1+ 37. Ke3 Qxh6+ 38. Bf4 Qh3+ 39. Kd4 Qxg4 40.
Qd6+ Ka8 41. exf6 g5 42. f7 Qxf4+ 43. Qxf4 gxf4 44. d6 Rf8 45. d7 Kb8 46. Ke5
Kc7 47. Ke6 Rxf7 48. Kxf7 Kxd7 0-1

[Event "54. Miedzynarodowy Festiwal Szachowy im. Akiby Rubinsteina<br/>OPEN A "]
[Site "Polanica-Zdroj"]
[Date "1899-12-30"]
[Round "6.9"]
[White "Lapaj, Mateusz"]
[Black "Rosicki, Marcin"]
[Result "1-0"]
[WhiteTitle "k+"]
[BlackTitle "I+"]
[WhiteElo "2198"]
[BlackElo "2002"]

1. c4 Nf6 2. Nc3 d5 3. cxd5 Nxd5 4. Nf3 g6 5. Qa4+ c6 6. Nxd5 Qxd5 7. e4 Qd8 8.
d4 Bg7 9. Be3 O-O 10. Be2 Nd7 11. O-O Nf6 12. Qc2 Ng4 13. Bf4 Bxd4 14. Rad1 c5
15. Nxd4 cxd4 16. h3 Nf6 17. Be5 Be6 18. Bxd4 Qa5 19. b3 Rac8 20. Qb1 Rfd8 21.
Bf3 Ne8 22. Qb2 Nd6 23. Bh8 Ne8 24. Bc3 Qg5 25. Bd2 Qf6 26. Qa3 a6 27. Bb4 Nd6
28. Qa5 Re8 29. Rfe1 Qb2 30. Rd2 Rc2 31. Rxc2 Qxc2 32. e5 Nf5 33. Bxb7 Rb8 34.
Be4 Qc8 35. Bxf5 Bxf5 36. Bxe7 Rb5 37. Qd2 Be6 38. Rc1 Qd7 39. Qxd7 Bxd7 40. Rc7
Be6 41. Bf6 Kf8 42. Ra7 Bc8 43. Rc7 Be6 44. Kf1 Ke8 45. Re7+ Kf8 46. Ra7 Bc8 47.
Rc7 Be6 48. Ke2 Rd5 49. h4 h5 50. Ke3 Bd7 51. f3 Bf5 52. Ra7 Bc8 53. g4 Rd7 54.
Ra8 Rc7 55. gxh5 gxh5 56. Kf4 Kg8 57. Kg5 a5 58. Kh6 Rc2 59. Rxa5 Rg2 60. Ra8
1-0

[Event "54. Miedzynarodowy Festiwal Szachowy im. Akiby Rubinsteina<br/>OPEN A "]
[Site "Polanica-Zdroj"]
[Date "1899-12-30"]
[Round "6.10"]
[White "Vanduyfhuys, Daria"]
[Black "Sanz Wawer, Daniel"]
[Result "1/2-1/2"]
[WhiteTitle "WCM"]
[BlackTitle "k"]
[WhiteElo "1878"]
[BlackElo "2180"]

1. d4 Nf6 2. c4 c5 3. d5 e6 4. Nc3 exd5 5. Nxd5 Nxd5 6. cxd5 g6 7. Nf3 Bg7 8. e4
O-O 9. Bd3 b5 10. O-O a6 11. a4 b4 12. Bg5 f6 13. Be3 d6 14. Qd2 Nd7 15. h4 Ne5
16. Nxe5 fxe5 17. Bg5 Qc7 18. Qe2 h6 19. Be3 Qe7 20. h5 g5 21. g4 Ra7 22. b3 Qd8
23. Kg2 Qb6 24. f3 Raf7 25. Rf2 Kh7 26. Ra2 Qb7 27. Kg3 Qd7 28. Rg2 Rf6 29. Qd1
Qf7 30. Raf2 Qe8 31. Qf1 Qd7 32. Qe2 1/2-1/2

[Event "54. Miedzynarodowy Festiwal Szachowy im. Akiby Rubinsteina<br/>OPEN A "]
[Site "Polanica-Zdroj"]
[Date "1899-12-30"]
[Round "6.11"]
[White "Shishkin, Vadim"]
[Black "Bilczewski, Kacper"]
[Result "0-1"]
[WhiteTitle "GM"]
[BlackTitle "k+"]
[WhiteElo "2461"]
[BlackElo "2089"]

1. d4 d5 2. c4 e6 3. Nf3 Nf6 4. Nc3 c6 5. Bg5 dxc4 6. a4 Bb4 7. e4 b5 8. e5 h6
9. exf6 hxg5 10. fxg7 Rg8 11. g3 g4 12. Ne5 Qd5 13. Rg1 Qe4+ 14. Be2 Rxg7 15.
Kf1 Bxc3 16. bxc3 f5 17. Qd2 Nd7 18. f3 Qd5 19. Qe3 Bb7 20. fxg4 fxg4 21. Qh6
Rg8 22. Qh5+ Kd8 23. Bxg4 Nxe5 24. dxe5 Rf8+ 25. Ke1 Qe4+ 26. Be2 Kc7 27. Qh4
Qxe5 28. Qd4 Qxd4 29. cxd4 Rad8 30. h4 Rxd4 31. g4 b4 32. h5 c3 33. Rg3 Re4 34.
Kd1 Rd8+ 35. Rd3 Rxd3+ 36. Bxd3 Rxg4 37. Kc2 Rh4 38. Rg1 Rxh5 39. Rg7+ Kb6 40.
Re7 a5 0-1

[Event "54. Miedzynarodowy Festiwal Szachowy im. Akiby Rubinsteina<br/>OPEN A "]
[Site "Polanica-Zdroj"]
[Date "1899-12-30"]
[Round "6.12"]
[White "Kucza, Karol"]
[Black "Adamczewski, Maciej"]
[Result "1-0"]
[WhiteTitle "FM"]
[BlackTitle "k"]
[WhiteElo "2342"]
[BlackElo "2061"]

1. e4 e6 2. d4 d5 3. Nc3 Nf6 4. e5 Nfd7 5. f4 c5 6. Nf3 Nc6 7. Be3 Be7 8. Qd2 O-O
9. dxc5 Qa5 10. O-O-O b6 11. Bb5 Nb4 12. a3 bxc5 13. Bxd7 Bxd7 14. axb4 cxb4 15.
Nb1 Rfc8 16. Nd4 Qa2 17. f5 exf5 18. Rhf1 Rc7 19. Nxf5 Bxf5 20. Rxf5 Rac8 21.
Rf2 Qb3 22. Qd3 Qa4 23. Rdd2 Qa2 24. Qf5 d4 25. Bxd4 g6 26. Qf4 Qb3 27. e6 Qxe6
28. Qe5 Rxc2+ 29. Rxc2 Bg5+ 30. Kd1 Qg4+ 31. Rfe2 1-0

[Event "54. Miedzynarodowy Festiwal Szachowy im. Akiby Rubinsteina<br/>OPEN A "]
[Site "Polanica-Zdroj"]
[Date "1899-12-30"]
[Round "6.13"]
[White "Reza, Wojciech"]
[Black "Mazalon, Mariusz"]
[Result "1-0"]
[WhiteTitle "FM"]
[BlackTitle "k"]
[WhiteElo "2303"]
[BlackElo "2055"]

1. e4 c5 2. Nf3 g6 3. d4 Bg7 4. dxc5 Qa5+ 5. c3 Qxc5 6. Na3 Nc6 7. Nb5 Qb6 8. Bc4
d6 9. O-O Nf6 10. e5 Nxe5 11. Nxe5 dxe5 12. Be3 Qc6 13. Qb3 b6 14. Nxa7 Rxa7 15.
Bb5 1-0

[Event "54. Miedzynarodowy Festiwal Szachowy im. Akiby Rubinsteina<br/>OPEN A "]
[Site "Polanica-Zdroj"]
[Date "1899-12-30"]
[Round "6.16"]
[White "Zaleski, Lukasz"]
[Black "Szelag, Zuzanna"]
[Result "1/2-1/2"]
[WhiteTitle "k"]
[BlackTitle "I++"]
[WhiteElo "2164"]
[BlackElo "1934"]

1. e4 c5 2. Nf3 d6 3. Bb5+ Bd7 4. Bxd7+ Qxd7 5. O-O Nf6 6. Qe2 Nc6 7. Rd1 Rc8 8.
c3 e6 9. d4 cxd4 10. cxd4 d5 11. e5 Ne4 12. Be3 Be7 13. Ne1 f6 14. f3 Ng5 15.
Nd3 b6 16. Nc3 O-O 17. Bf2 Nf7 18. f4 Nh6 19. g4 Qe8 20. exf6 Rxf6 21. g5 Rg6
22. h4 e5 23. dxe5 d4 24. Ne4 Nf5 25. Qg4 Qf7 26. Nf6+ gxf6 27. Qxf5 Rd8 28. Kh2
fxe5 29. Qxf7+ Kxf7 30. Rac1 Rd5 31. fxe5 Nxe5 32. Nxe5+ Rxe5 33. Bxd4 Re2+ 34.
Kg3 h6 35. Rf1+ Ke8 36. Kf3 Ree6 37. Rce1 hxg5 38. Rxe6 Rxe6 39. h5 Bf6 40. Be3
Bxb2 41. Bxg5 Bg7 42. Rd1 a5 43. Rd2 Bh6 44. Bxh6 Rxh6 45. Rd5 Kf7 46. Kg4 Kg7
47. Kg5 Rc6 48. Rd7+ Kh8 49. Rb7 Rd6 50. Rc7 Re6 51. a4 Rd6 52. Rf7 Kg8 53. Rf6
Rd4 54. Rxb6 Rxa4 55. Kh6 Rf4 56. Rg6+ Kh8 57. Ra6 Kg8 58. Ra8+ Rf8 59. Ra6 Rf2
60. Rxa5 1/2-1/2

[Event "54. Miedzynarodowy Festiwal Szachowy im. Akiby Rubinsteina<br/>OPEN A "]
[Site "Polanica-Zdroj"]
[Date "1899-12-30"]
[Round "6.17"]
[White "Mika, Tomasz"]
[Black "Turski, Bartlomiej"]
[Result "1-0"]
[WhiteTitle "I++"]
[BlackTitle "I"]
[WhiteElo "2120"]
[BlackElo "1830"]

1. d4 Nf6 2. Bf4 g6 3. Nc3 d5 4. e3 Bg7 5. h4 Bf5 6. Nf3 a6 7. Ne5 h5 8. a4 e6
9. f3 Nbd7 10. Be2 Rc8 11. Nxd7 Nxd7 12. e4 dxe4 13. fxe4 Bg4 14. Bxg4 hxg4 15.
g3 e5 16. dxe5 Nxe5 17. Kf2 c6 18. a5 Qxd1 19. Rhxd1 Nf3 20. Ke3 c5 21. Nd5 Bd4+
22. Kd3 g5 23. Bxg5 Nxg5 24. hxg5 Rh3 25. Kc4 Rxg3 26. Rh1 Be5 27. Nf6+ Ke7 28.
Nd5+ Ke8 29. Raf1 Rc6 30. Rf5 Bg7 31. Rh7 Rg6 32. Nf4 Bxb2 33. Nxg6 fxg6 34. Rff7
Re3 35. Rxb7 Rxe4+ 36. Kxc5 Ba3+ 37. Kd5 Re7 38. Rbxe7+ Bxe7 39. Rh4 Bb4 40. Rxg4
Bxa5 41. Ra4 Bd2 42. Rxa6 Kf7 43. Ra7+ Kf8 44. Ke6 Bxg5 45. c4 Be3 46. Rf7+ Kg8
47. Rf3 Bd4 48. Kd5 1-0

[Event "54. Miedzynarodowy Festiwal Szachowy im. Akiby Rubinsteina<br/>OPEN A "]
[Site "Polanica-Zdroj"]
[Date "1899-12-30"]
[Round "6.18"]
[White "Kawalko, Adam"]
[Black "Domanski, Lukasz"]
[Result "1/2-1/2"]
[WhiteTitle "I"]
[BlackTitle "k"]
[WhiteElo "1869"]
[BlackElo "2094"]

1. e4 Nf6 2. e5 Nd5 3. d4 d6 4. Nf3 Nb6 5. Be2 g6 6. O-O Bg7 7. Bf4 O-O 8. Qd2
Nc6 9. exd6 cxd6 10. Bh6 Bg4 11. Bxg7 Kxg7 12. Re1 Bxf3 13. Bxf3 d5 14. c3 Nc4
15. Qc2 e6 16. Be2 Nd6 17. Bd3 b5 18. Nd2 b4 19. Qa4 bxc3 20. bxc3 Na5 21. Nb3
Nab7 22. c4 dxc4 23. Bxc4 Nxc4 24. Qxc4 Nd6 25. Qd3 Nf5 26. Rad1 Qd6 27. Nc5 Rab8
28. Qa3 Rfd8 29. Qxa7 Ra8 30. Qb7 Rdb8 31. Qd7 Qxd7 32. Nxd7 Rd8 33. Nc5 Nxd4
34. Nb3 Ne2+ 35. Kf1 Rxd1 36. Rxd1 Nc3 37. Ra1 Rxa2 38. Rxa2 Nxa2 39. f3 Kf6 40.
Kf2 Ke5 41. Ke3 Kd5 42. Nd2 h5 43. Ne4 e5 44. Ng5 f5 45. g3 Nc3 46. Kd3 Nb5 47.
Ke3 Nd6 48. Nh3 Nf7 49. Nf2 g5 50. h3 Nd6 51. g4 hxg4 52. hxg4 e4 53. gxf5 exf3
54. Nh3 Nf7 1/2-1/2

[Event "54. Miedzynarodowy Festiwal Szachowy im. Akiby Rubinsteina<br/>OPEN A "]
[Site "Polanica-Zdroj"]
[Date "1899-12-30"]
[Round "6.19"]
[White "Dzikowski, Michal"]
[Black "Budnik, Mateusz"]
[Result "0-1"]
[WhiteTitle "k"]
[BlackTitle "I++"]
[WhiteElo "2155"]
[BlackElo "2003"]

1. d4 Nf6 2. Nf3 g6 3. c4 c5 4. d5 b5 5. cxb5 a6 6. bxa6 Bxa6 7. Nc3 d6 8. g3 Bg7
9. Bg2 O-O 10. O-O Nbd7 11. Rb1 Qc7 12. Qc2 Rfb8 13. Rd1 Rb4 14. b3 Rab8 15. Bd2
R4b7 16. Bf4 Ng4 17. Na4 Nge5 18. Nxe5 Nxe5 19. Bxe5 Bxe5 20. e4 Qa5 21. Bf1 Bxf1
22. Kxf1 Qa6+ 23. Kg2 Ra7 24. Rbc1 Rb4 25. f4 Bg7 26. Re1 Qb7 27. Qe2 Ra8 28.
Rc4 Rb8 29. Rec1 Rxc4 30. Rxc4 Qa8 31. h4 e6 32. Qd3 Bd4 33. dxe6 f5 34. Kf3 d5
35. exd5 Qxd5+ 36. Ke2 Qxe6+ 37. Kd1 Re8 38. Qd2 Qe4 39. Nxc5 Qf3+ 40. Kc2 Bxc5
41. Rc3 Qe4+ 42. Qd3 Qg2+ 43. Kb1 Ba3 44. Qc4+ Kf8 0-1

[Event "54. Miedzynarodowy Festiwal Szachowy im. Akiby Rubinsteina<br/>OPEN A "]
[Site "Polanica-Zdroj"]
[Date "1899-12-30"]
[Round "6.20"]
[White "Szylko, Waldemar"]
[Black "Walkusz, Witoslaw"]
[Result "0-1"]
[WhiteTitle "k+"]
[BlackTitle "FM"]
[WhiteElo "1956"]
[BlackElo "2121"]

1. e4 e5 2. Bc4 Nf6 3. d3 Nc6 4. Nf3 h6 5. O-O a6 6. Nc3 d6 7. h3 Na5 8. Be3 b6
9. Qd2 Bb7 10. Bb3 Be7 11. Ne2 Nxb3 12. axb3 d5 13. Nxe5 dxe4 14. Ng3 exd3 15.
Qxd3 Qxd3 16. Nxd3 O-O 17. Nf5 Bd8 18. f3 Bc8 19. Nd4 Nd5 20. Bf2 c5 21. Ne2 Bf6
22. c4 Re8 23. Rfe1 Bf5 24. cxd5 Bxd3 25. Nc3 Rxe1+ 26. Rxe1 Bc2 27. Ne4 Bxb2
28. Nxc5 bxc5 29. Re2 Bxb3 30. Rxb2 c4 31. Bc5 a5 32. d6 a4 33. Re2 c3 34. d7
Be6 35. Rc2 Bxd7 36. Rxc3 Be6 37. Ba3 Rd8 38. Kf2 Rd2+ 39. Kg3 g5 40. Re3 Bc4
41. f4 Bd5 42. fxg5 hxg5 43. Kg4 Rxg2+ 44. Kf5 Kg7 45. Bb4 Be6+ 46. Ke5 Kg6 47.
Rf3 Re2+ 48. Kd6 f5 49. Bc3 a3 50. Be5 a2 51. Ra3 Bf7 52. Ra5 f4 53. h4 Rxe5 54.
Kxe5 f3 0-1

[Event "54. Miedzynarodowy Festiwal Szachowy im. Akiby Rubinsteina<br/>OPEN A "]
[Site "Polanica-Zdroj"]
[Date "1899-12-30"]
[Round "6.21"]
[White "Piliczewski, Bogusz"]
[Black "Klein, Gernot, Dr."]
[Result "1/2-1/2"]
[WhiteTitle "I+"]
[BlackTitle "m"]
[WhiteElo "2112"]
[BlackElo "1922"]

1. d4 d5 2. Nf3 c6 3. Bf4 Qb6 4. Qc1 Nf6 5. h3 Bf5 6. e3 Nbd7 7. Be2 h6 8. O-O
e6 9. c4 Be7 10. Nc3 O-O 11. c5 Qd8 12. b4 b6 13. Ba6 g5 14. Bh2 g4 15. hxg4 Nxg4
16. Bg3 Ndf6 17. Bb7 Nh5 18. Bh2 Nxh2 19. Nxh2 Rb8 20. Bxc6 bxc5 21. bxc5 Kh8
22. e4 Bg5 23. Qd1 Bg6 24. exd5 Qc7 25. Qf3 Bf4 26. d6 Qd8 27. g3 Rg8 28. Ne2
e5 29. Kh1 Bg5 30. dxe5 Qa5 31. Qc3 Qxc3 32. Nxc3 Rbc8 33. Bf3 Rxc5 34. Na4 Rxe5
35. Bxh5 Bxh5 36. f4 Ra5 37. g4 Bf6 38. Rac1 Bxg4 39. Nxg4 Rxg4 40. Nc5 Rxa2 41.
Rfd1 Rh4+ 42. Kg1 Rg4+ 43. Kh1 Rh4+ 44. Kg1 Rg4+ 1/2-1/2

[Event "54. Miedzynarodowy Festiwal Szachowy im. Akiby Rubinsteina<br/>OPEN A "]
[Site "Polanica-Zdroj"]
[Date "1899-12-30"]
[Round "6.22"]
[White "Zak, Pawel"]
[Black "Goslawski, Michal"]
[Result "0-1"]
[WhiteTitle "I"]
[BlackTitle "k"]
[WhiteElo "1721"]
[BlackElo "2110"]

1. Nf3 g6 2. d4 Bg7 3. c4 Nf6 4. g3 O-O 5. Bg2 d6 6. O-O Nc6 7. Nc3 Bg4 8. h3 Bxf3
9. Bxf3 Nd7 10. e3 e5 11. d5 Ne7 12. Qc2 f5 13. b4 a5 14. Ba3 axb4 15. Bxb4 b6
16. a4 e4 17. Be2 Ne5 18. Rfd1 g5 19. a5 bxa5 20. Rxa5 c5 21. Rda1 Rc8 22. Nxe4
fxe4 23. Bc3 Nf3+ 24. Bxf3 Bxc3 25. Qxc3 exf3 26. Ra7 Rf7 27. e4 Qf8 28. Qe3 h6
29. R1a6 Re8 30. e5 Nc8 31. Rxf7 Qxf7 32. e6 Qf6 33. Rc6 Rf8 34. Rc7 Qa1+ 35.
Kh2 Qf1 36. Qxf3 Rxf3 37. Rxc8+ Kg7 0-1

[Event "54. Miedzynarodowy Festiwal Szachowy im. Akiby Rubinsteina<br/>OPEN A "]
[Site "Polanica-Zdroj"]
[Date "1899-12-30"]
[Round "6.23"]
[White "Antoniewicz, Jakub"]
[Black "Bielinski, Dariusz"]
[Result "0-1"]
[WhiteTitle "II+"]
[BlackTitle "k+"]
[WhiteElo "1769"]
[BlackElo "2100"]

1. d4 d6 2. Bf4 g6 3. e3 Bg7 4. h4 h6 5. c4 c5 6. Nc3 Nc6 7. Nge2 b6 8. Rc1 e5
9. dxe5 dxe5 10. Bg3 Qxd1+ 11. Rxd1 Nge7 12. Nd5 O-O 13. Nec3 Nf5 14. Bh2 h5 15.
Bg1 Rb8 16. Be2 Nfe7 17. Bh2 Bb7 18. g4 hxg4 19. Bxg4 Nxd5 20. cxd5 Na5 21. Be2
Rbd8 22. Rg1 e4 23. h5 Bxc3+ 24. bxc3 Bxd5 25. hxg6 fxg6 26. Bh5 Bf7 27. Rxd8
Rxd8 28. Bxg6 Bxg6 29. Rxg6+ Kf7 30. Rg4 Rd3 31. Be5 Ke6 32. Bh8 Kd5 33. Rg5+
Kc4 34. Rg4 Rd8 35. Rxe4+ Kd3 36. Rh4 Rg8 37. Rh1 Nc4 38. Bf6 Nd2 39. Bh8 b5 40.
Bf6 a5 41. Be7 c4 42. Bf6 Ne4 43. Bd4 Nxc3 44. Bxc3 Kxc3 45. Ke2 b4 46. e4 b3
47. axb3 cxb3 48. Rh7 Rb8 49. Rc7+ Kd4 50. Rc1 b2 51. Rb1 a4 52. Kd2 a3 53. Kc2
a2 54. Rxb2 Rc8+ 0-1

[Event "54. Miedzynarodowy Festiwal Szachowy im. Akiby Rubinsteina<br/>OPEN A "]
[Site "Polanica-Zdroj"]
[Date "1899-12-30"]
[Round "6.24"]
[White "Kies, Mariusz"]
[Black "Schoenau, Helmut"]
[Result "0-1"]
[WhiteTitle "k"]
[BlackTitle ""]
[WhiteElo "2043"]
[BlackElo "1947"]

1. Nf3 d5 2. d3 Nf6 3. Nbd2 c5 4. e4 Nc6 5. g3 Bg4 6. exd5 Nxd5 7. Bg2 e6 8. O-O
Be7 9. h3 Bh5 10. Ne4 Rc8 11. g4 Bg6 12. Nc3 Nxc3 13. bxc3 O-O 14. Rb1 Qc7 15.
Qe2 Rfd8 16. c4 Rb8 17. Bb2 Bd6 18. Rfe1 h6 19. Ne5 Nxe5 20. Bxe5 b6 21. f4 Qd7
22. Bxd6 Qxd6 23. Qe5 Qd7 24. Rf1 Qa4 25. Rf2 Re8 26. h4 Qd7 27. h5 Bh7 28. g5
Bf5 29. Bf3 Qd4 30. Qxd4 cxd4 31. Re2 Rbc8 32. Re5 hxg5 33. fxg5 f6 34. gxf6 gxf6
35. Reb5 e5 36. Kf2 Kf7 37. Rg1 Rg8 38. a4 Rxg1 39. Kxg1 Rc5 40. Rxc5 bxc5 41.
a5 Kg7 42. Kf2 Kh6 43. Kg3 Bd7 44. Kh4 Ba4 45. Kg4 Bd7+ 46. Kh4 Be8 47. Bg4 Ba4
48. Bf5 Bxc2 49. Be4 Bd1 50. Bg6 Be2 51. a6 Bd1 52. Be8 Bf3 53. Bg6 Be2 54. Be4
Bxh5 55. Bg2 f5 56. Bh3 Bg6 57. Bf1 Bf7 58. Bg2 Kg6 59. Kg3 Kg5 60. Bb7 Bh5 0-1

[Event "54. Miedzynarodowy Festiwal Szachowy im. Akiby Rubinsteina<br/>OPEN A "]
[Site "Polanica-Zdroj"]
[Date "1899-12-30"]
[Round "6.25"]
[White "Golecki, Jan"]
[Black "Harazinska, Magdalena"]
[Result "1-0"]
[WhiteTitle "I++"]
[BlackTitle "k"]
[WhiteElo "1943"]
[BlackElo "2035"]

1. e4 c5 2. Nf3 e6 3. d4 cxd4 4. Nxd4 a6 5. c4 Qc7 6. Nc3 Nf6 7. Qe2 d6 8. g3 b6
9. Bg2 Bb7 10. O-O Nbd7 11. f4 Rc8 12. b3 b5 13. Ndxb5 axb5 14. Nxb5 Qb8 15. Ba3
Bc6 16. Bb2 Qb7 17. Rfe1 Bxb5 18. cxb5 e5 19. a4 Be7 20. a5 O-O 21. b4 Rb8 22.
b6 Nxb6 23. fxe5 dxe5 24. Bxe5 Bxb4 25. Reb1 Nbd7 26. Bxb8 Rxb8 27. Kh1 Ne5 28.
Ra4 Qe7 29. a6 Bd6 30. Rxb8+ Bxb8 31. Qb5 Ba7 32. Qb7 Qxb7 33. axb7 Bb8 34. Rd4
Nc6 35. Rc4 Ne7 36. Rc8+ 1-0

[Event "54. Miedzynarodowy Festiwal Szachowy im. Akiby Rubinsteina<br/>OPEN A "]
[Site "Polanica-Zdroj"]
[Date "1899-12-30"]
[Round "6.26"]
[White "Kaminski, Jan"]
[Black "Rak, Maciej"]
[Result "1/2-1/2"]
[WhiteTitle "I++"]
[BlackTitle "I"]
[WhiteElo "2026"]
[BlackElo "1759"]

1. e4 c5 2. Nf3 e6 3. b3 d6 4. Bb2 Nf6 5. Nc3 e5 6. g3 g6 7. Bg2 Bg7 8. O-O O-O
9. d3 Nc6 10. Qd2 Nh5 11. Nd5 Be6 12. Ng5 Bxd5 13. exd5 Ne7 14. f4 h6 15. Nh3
exf4 16. Bxg7 Nxg7 17. Qxf4 g5 18. Qf6 Ng6 19. Be4 Qxf6 20. Rxf6 Ne8 21. Rf2 Ne5
22. Re1 f6 23. c3 Ng7 24. d4 Ng4 25. Rfe2 f5 26. Bf3 Nf6 27. Nf2 cxd4 28. cxd4
Rfe8 29. Nd3 Rxe2 30. Rxe2 Re8 31. Kf2 Ne4+ 32. Bxe4 fxe4 33. Nb4 Nf5 34. Nc2
g4 35. Re1 h5 36. Rd1 Rc8 37. Ne3 Ne7 38. Rd2 Kg7 39. Ke2 b5 40. Rd1 Kg6 41. Rf1
Ng8 42. Kd2 Nf6 1/2-1/2

[Event "54. Miedzynarodowy Festiwal Szachowy im. Akiby Rubinsteina<br/>OPEN A "]
[Site "Polanica-Zdroj"]
[Date "1899-12-30"]
[Round "6.27"]
[White "Dryja, Szymon"]
[Black "Rogacewicz, Mikolaj"]
[Result "1/2-1/2"]
[WhiteTitle "I++"]
[BlackTitle "I+"]
[WhiteElo "1878"]
[BlackElo "2009"]

1. Nf3 Nf6 2. b3 d5 3. Bb2 c5 4. e3 e6 5. d4 Bd6 6. Bd3 O-O 7. O-O b6 8. Nbd2 Bb7
9. c4 Ne4 10. Rc1 Nd7 11. Ne5 f6 12. Nxd7 Qxd7 13. Bb1 Rad8 14. Qc2 g6 15. Nxe4
dxe4 16. dxc5 Bxc5 17. Rcd1 Qe7 18. Qc1 Rd6 19. a3 a5 20. Bc2 Rfd8 21. Rxd6 Bxd6
22. Rd1 Kf7 23. h3 Bc5 24. Kf1 Rxd1+ 25. Bxd1 Qd6 26. Kg1 f5 27. Qa1 f4 28. Be5
Qd2 29. Bxf4 Qe1+ 30. Kh2 Be7 31. Bg3 h5 32. h4 e5 33. b4 axb4 34. axb4 Qxb4 35.
Qa2 Kf6 36. Bb3 Qa3 37. Qc2 Bc6 38. Qd1 Qb2 39. Ba4 Bxa4 40. Qxa4 Qb4 41. Qc6+
Bd6 42. Qxe4 Qc5 43. Qd3 Qb4 44. e4 Qc5 45. Qd2 Qc7 46. f3 Kg7 47. Be1 Kh7 48.
Qd5 Kg7 49. Bd2 Be7 50. Bc3 Bf6 51. g4 hxg4 52. fxg4 Kh7 53. g5 Bg7 54. Kg3 Bh8
55. Bb4 Qa7 56. Kg4 Qa2 57. Qf7+ Bg7 58. Qf1 Qc2 59. Qf3 Qxc4 60. Be1 Qc8+ 61.
Kg3 b5 62. h5 gxh5 63. Qxh5+ Kg8 64. g6 Qc5 65. Bf2 Qc3+ 66. Kg2 Qc6 67. Qf5 Qf6
68. Qg4 Qf4 69. Qe6+ Kh8 70. Qc6 b4 71. Bc5 Qd2+ 72. Kf3 Qd1+ 1/2-1/2

[Event "54. Miedzynarodowy Festiwal Szachowy im. Akiby Rubinsteina<br/>OPEN A "]
[Site "Polanica-Zdroj"]
[Date "1899-12-30"]
[Round "6.28"]
[White "Litner, Igor"]
[Black "Cap, Piotr"]
[Result "1-0"]
[WhiteTitle "I++"]
[BlackTitle "I"]
[WhiteElo "1990"]
[BlackElo "1877"]

1. d4 Nf6 2. Bg5 Ne4 3. Bh4 d5 4. Nd2 Bf5 5. e3 c6 6. Bd3 Qa5 7. Bxe4 Bxe4 8. Ngf3
e6 9. O-O Bg6 10. c4 Bd6 11. a3 O-O 12. b4 Qa6 13. c5 Bc7 14. Ne5 Bxe5 15. dxe5
Re8 16. Nb3 Nd7 17. f4 Qd3 18. Qxd3 Bxd3 19. Rfc1 h6 20. Rc3 Be4 21. Nd2 Bf5 22.
e4 Bxe4 23. Nxe4 dxe4 24. Rd1 Nf8 25. Re3 a5 26. Rxe4 axb4 27. axb4 Ng6 28. Be1
Ne7 29. Rd7 Ra7 30. Kf1 Nd5 31. b5 Re7 32. bxc6 bxc6 33. Rxe7 Nxe7 34. Rb4 Nd5
35. Rb8+ Kh7 36. g3 Kg6 37. Rc8 Ra6 38. Kg2 Kf5 39. Rf8 Ra7 40. Rc8 Ra6 41. Rf8
f6 42. exf6 gxf6 43. Kh3 Ra1 44. Bf2 Rd1 45. Re8 Rd2 46. Bg1 Rd1 47. Bf2 Rd3 48.
Kg2 Nc3 49. Rc8 Ne4 50. Bg1 Rd2+ 51. Kf3 Rd3+ 52. Be3 Nxc5 53. Rxc6 Nb3 54. g4+
Kg6 55. Ke4 Rd7 56. Rxe6 Nd2+ 57. Bxd2 Rxd2 58. h4 Re2+ 59. Kd5 Rd2+ 60. Kc5 Kf7
61. f5 Rh2 62. h5 Rg2 63. Re4 Rg1 64. Rd4 Rc1+ 65. Kd6 Rg1 66. Kd7 Rg2 67. Kd8
Kf8 68. Rd6 Kf7 69. Rd7+ Kf8 70. Rh7 Rxg4 71. Rxh6 Rd4+ 72. Kc7 Kf7 73. Rh7+ Kf8
74. Rd7 Rh4 75. h6 Rxh6 76. Kd6 Rh1 77. Ke6 Ra1 78. Kxf6 Ra6+ 79. Kg5 Ra1 80.
Kg6 Ra6+ 81. f6 Ke8 82. Rb7 Kd8 83. Kg7 Ra1 84. f7 Rg1+ 85. Kf8 Rg2 86. Rb4 Rf2
87. Rd4+ Kc7 88. Kg7 Rg2+ 89. Kf6 Rf2+ 90. Ke6 Re2+ 91. Kf5 1-0

[Event "54. Miedzynarodowy Festiwal Szachowy im. Akiby Rubinsteina<br/>OPEN A "]
[Site "Polanica-Zdroj"]
[Date "1899-12-30"]
[Round "6.30"]
[White "Hetzer, Volkhard"]
[Black "Fraczek, Weronika"]
[Result "0-1"]
[WhiteTitle ""]
[BlackTitle "k+"]
[WhiteElo "1949"]
[BlackElo "1844"]

1. Nf3 Nf6 2. c4 c6 3. d4 d5 4. Nc3 a6 5. c5 Bf5 6. Bf4 Nbd7 7. h3 Ne4 8. Rc1 f6
9. e3 g5 10. Bh2 Bg7 11. Bd3 Nxc3 12. Rxc3 Bxd3 13. Qxd3 O-O 14. O-O e5 15. Qf5
e4 16. Nd2 Rf7 17. f3 exf3 18. Rxf3 Nf8 19. Bg3 Qd7 20. Nb3 Qxf5 21. Rxf5 Ne6
22. Na5 Re8 23. Rb3 Nd8 24. Kf2 h6 25. Bh2 Kh7 26. g4 Kg6 27. Rc3 Bf8 28. b4 b5
29. a4 Re6 30. Ra3 h5 31. axb5 axb5 32. Nb3 hxg4 33. hxg4 Rh7 34. Bg3 Nf7 35.
Ra8 Nh6 36. Rf3 Nxg4+ 37. Ke2 Rhe7 38. Bf2 Nxf2 39. Rxf8 Ng4 40. Na5 Nxe3 41.
Nxc6 Nc4+ 42. Kd3 Rxc6 0-1